<?xml version="1.0" encoding="UTF-8"?>
<collection xmlns="http://www.loc.gov/MARC21/slim">
<record>
  <controlfield tag="000">04557nam\a2200637\a\4500</controlfield>
  <controlfield tag="001">524052</controlfield>
  <controlfield tag="005">20251009144815.0</controlfield>
  <controlfield tag="006">m||||o|||d||||||||</controlfield>
  <controlfield tag="007">cr\un|---uuuua</controlfield>
  <controlfield tag="008">070618m16801681enk\\\\\o\\\\\\\\\0\eng\d</controlfield>
  <datafield tag="024" ind1="8" ind2=" ">
    <subfield code="a">ocn144612280\</subfield>
  </datafield>
  <datafield tag="035" ind1=" " ind2=" ">
    <subfield code="a">(DFo_eebo_144612280)</subfield>
  </datafield>
  <datafield tag="037" ind1=" " ind2=" ">
    <subfield code="a">CL2105000002</subfield>
    <subfield code="b">ProQuest Information and Learning, 789 E. Eisenhower Parkway, Ann Arbor, MI 48108-3218</subfield>
  </datafield>
  <datafield tag="040" ind1=" " ind2=" ">
    <subfield code="a">UMI</subfield>
    <subfield code="e">dcrb</subfield>
    <subfield code="c">UMI</subfield>
    <subfield code="d">UtOrBLW</subfield>
  </datafield>
  <datafield tag="043" ind1=" " ind2=" ">
    <subfield code="a">e-uk-en</subfield>
  </datafield>
  <datafield tag="045" ind1="2" ind2=" ">
    <subfield code="b">d1680</subfield>
    <subfield code="b">d1681</subfield>
  </datafield>
  <datafield tag="049" ind1=" " ind2=" ">
    <subfield code="a">UMIA</subfield>
  </datafield>
  <datafield tag="245" ind1="0" ind2="0">
    <subfield code="a">[Parliamentary speeches and debates, dated Nov. 1680- Jan. 1681]</subfield>
    <subfield code="h">[electronic resource].</subfield>
  </datafield>
  <datafield tag="300" ind1=" " ind2=" ">
    <subfield code="a">8,  [9] p.</subfield>
  </datafield>
  <datafield tag="336" ind1=" " ind2=" ">
    <subfield code="a">text</subfield>
    <subfield code="b">txt</subfield>
    <subfield code="2">rdacontent</subfield>
  </datafield>
  <datafield tag="337" ind1=" " ind2=" ">
    <subfield code="a">computer</subfield>
    <subfield code="b">c</subfield>
    <subfield code="2">rdamedia</subfield>
  </datafield>
  <datafield tag="338" ind1=" " ind2=" ">
    <subfield code="a">online resource</subfield>
    <subfield code="b">cr</subfield>
    <subfield code="2">rdacarrier</subfield>
  </datafield>
  <datafield tag="500" ind1=" " ind2=" ">
    <subfield code="a">This record was provided by a vendor. It may contain incorrect or incomplete information.</subfield>
    <subfield code="5">DFo</subfield>
  </datafield>
  <datafield tag="500" ind1=" " ind2=" ">
    <subfield code="a">In manuscript.</subfield>
  </datafield>
  <datafield tag="500" ind1=" " ind2=" ">
    <subfield code="a">The last p. of ms. written on verso of a license to print dated and signed: 6th. Jan. 1680. Wi Williams, speaker.</subfield>
  </datafield>
  <datafield tag="500" ind1=" " ind2=" ">
    <subfield code="a">Reproduction of original in: British Library.</subfield>
  </datafield>
  <datafield tag="505" ind1="0" ind2=" ">
    <subfield code="a">Coll: Titus his speech in ye House of Comons [sic] [--] 1680. -- S[ir] William Jones speech upon passing the bill against the D: of Yorke. Nov. 1680. -- Debates in the House of Comons [sic] January the 7th 1680 [i.e. 1681] upon the kings message concerning the Bill of Exclusion. -- The Lord L[ovelace]:s speech. -- Speeches in the House of Commons. -- November 17th being appointed for consideration of his Ma[ties] message, the order being read, it was moved as followeth. -- A speech of a member upon the Irish information given in at the bar in writing. -- Another speech by a person of honour Lord Wharton's sonne [Goodwin Wharton, Esq.]. -- The Earle of Essex his speech at the delivering the following petition to his most sacred Majesty Janu[ary] 25th 1680 [i.e. 1681]. -- To the Kings most excellent Majesty, the humble petition and advice of the lords under named, peers of the realme.</subfield>
  </datafield>
  <datafield tag="510" ind1="4" ind2=" ">
    <subfield code="a">Early English books tract supplement interim guide ;</subfield>
    <subfield code="c">816.m.2[5]</subfield>
  </datafield>
  <datafield tag="533" ind1=" " ind2=" ">
    <subfield code="a">Electronic reproduction.</subfield>
    <subfield code="b">Ann Arbor, Mich. :</subfield>
    <subfield code="c">UMI,</subfield>
    <subfield code="d">1999-</subfield>
    <subfield code="f">(Early English books online)</subfield>
    <subfield code="n">Digital version of: (Early English books; Tract supplement ; C27:4[5]).</subfield>
    <subfield code="7">s1998    miu\</subfield>
  </datafield>
  <datafield tag="583" ind1="1" ind2=" ">
    <subfield code="a">batch edited</subfield>
    <subfield code="c">2022-10-22</subfield>
    <subfield code="k">EB</subfield>
    <subfield code="x">MarcEdit Task</subfield>
    <subfield code="2">local</subfield>
    <subfield code="5">DFo</subfield>
  </datafield>
  <datafield tag="583" ind1="1" ind2=" ">
    <subfield code="a">batch loaded</subfield>
    <subfield code="c">2022-10-22</subfield>
    <subfield code="k">EB</subfield>
    <subfield code="x">from edited vendor records</subfield>
    <subfield code="2">local</subfield>
    <subfield code="5">DFo</subfield>
  </datafield>
  <datafield tag="600" ind1="0" ind2="0">
    <subfield code="a">James</subfield>
    <subfield code="b">II,</subfield>
    <subfield code="c">King of England,</subfield>
    <subfield code="d">1633-1701</subfield>
    <subfield code="0">n  50028709</subfield>
    <subfield code="v">Early works to 1800.</subfield>
    <subfield code="0">sh 99001366 </subfield>
  </datafield>
  <datafield tag="610" ind1="1" ind2="0">
    <subfield code="a">England and Wales.</subfield>
    <subfield code="b">Parliament.</subfield>
    <subfield code="b">House of Commons</subfield>
    <subfield code="0">n  84134226</subfield>
    <subfield code="v">Early works to 1800.</subfield>
    <subfield code="0">sh 99001366 </subfield>
  </datafield>
  <datafield tag="651" ind1=" " ind2="0">
    <subfield code="a">Great Britain</subfield>
    <subfield code="x">Politics and government</subfield>
    <subfield code="y">1660-1688</subfield>
    <subfield code="0">sh 85056896</subfield>
    <subfield code="v">Early works to 1800.</subfield>
    <subfield code="0">sh 99001366 </subfield>
  </datafield>
  <datafield tag="651" ind1=" " ind2="0">
    <subfield code="a">Great Britain</subfield>
    <subfield code="x">Foreign relations</subfield>
    <subfield code="0">sh 85056684</subfield>
    <subfield code="z">Morocco</subfield>
    <subfield code="0">n  79069715</subfield>
    <subfield code="v">Early works to 1800.</subfield>
    <subfield code="0">sh 99001366 </subfield>
  </datafield>
  <datafield tag="651" ind1=" " ind2="0">
    <subfield code="a">Morocco</subfield>
    <subfield code="x">Foreign relations</subfield>
    <subfield code="0">sh2008115947</subfield>
    <subfield code="z">Great Britain</subfield>
    <subfield code="0">sh 85056605</subfield>
    <subfield code="v">Early works to 1800.</subfield>
    <subfield code="0">sh 99001366 </subfield>
  </datafield>
  <datafield tag="700" ind1="1" ind2=" ">
    <subfield code="a">Titus, Silius,</subfield>
    <subfield code="d">1623?-1704.</subfield>
    <subfield code="0">n  83124728.</subfield>
    <subfield code="t">Coll: Titus his speech in ye House of Comons [--] 1680.</subfield>
  </datafield>
  <datafield tag="700" ind1="1" ind2=" ">
    <subfield code="a">Jones, William,</subfield>
    <subfield code="c">Sir,</subfield>
    <subfield code="d">1631-1682.</subfield>
    <subfield code="0">n  85086997.</subfield>
    <subfield code="t">Sir William Jones speech upon passing the bill against the D: of Yorke. Nov. 1680.</subfield>
  </datafield>
  <datafield tag="700" ind1="1" ind2=" ">
    <subfield code="a">Essex, Arthur Capel,</subfield>
    <subfield code="c">Earl of,</subfield>
    <subfield code="d">1631-1683.</subfield>
    <subfield code="t">Speech at the delivery of the petition.</subfield>
    <subfield code="0">n  85356097 </subfield>
  </datafield>
  <datafield tag="700" ind1="1" ind2=" ">
    <subfield code="a">Wharton, Goodwin,</subfield>
    <subfield code="d">1653-1704.</subfield>
    <subfield code="0">n  82242787 </subfield>
  </datafield>
  <datafield tag="700" ind1="1" ind2=" ">
    <subfield code="a">Winnington, Francis,</subfield>
    <subfield code="c">Sir,</subfield>
    <subfield code="d">1634-1700.</subfield>
    <subfield code="0">n  85217706 </subfield>
  </datafield>
  <datafield tag="700" ind1="1" ind2=" ">
    <subfield code="a">Lovelace, John Lovelace,</subfield>
    <subfield code="c">Baron,</subfield>
    <subfield code="d">1638?-1693.</subfield>
    <subfield code="0">nr 95031167 </subfield>
  </datafield>
  <datafield tag="740" ind1="0" ind2="2">
    <subfield code="a">Coll: Titus his speech in ye House of Comons [--] 1680.</subfield>
  </datafield>
  <datafield tag="740" ind1="0" ind2="2">
    <subfield code="a">Sir William Jones speech upon passing the bill against the D: of Yorke. Nov. 1680.</subfield>
  </datafield>
  <datafield tag="740" ind1="0" ind2="2">
    <subfield code="a">Debates in the House of Comons [sic] January the 7th 1680 [i.e. 1681] upon the kings message concerning the Bill of Exclusion.</subfield>
  </datafield>
  <datafield tag="740" ind1="0" ind2="2">
    <subfield code="a">Lord Lovelace's speech.</subfield>
  </datafield>
  <datafield tag="740" ind1="0" ind2="2">
    <subfield code="a">Speeches in the House of Commons.</subfield>
  </datafield>
  <datafield tag="740" ind1="0" ind2="2">
    <subfield code="a">November 17th being appointed for consideration of his Ma[ties] message, the order being read, it was moved as followeth.</subfield>
  </datafield>
  <datafield tag="740" ind1="0" ind2="2">
    <subfield code="a">Speech of a member upon the Irish information given in at the bar in writing.</subfield>
  </datafield>
  <datafield tag="740" ind1="0" ind2="2">
    <subfield code="a">Another speech by a person of honour Lord Wharton's sonne [Goodwin Wharton, Esq.].</subfield>
  </datafield>
  <datafield tag="740" ind1="0" ind2="2">
    <subfield code="a">Earle of Essex his speech at the delivering the following petition to his most sacred Majesty Janu[ary] 25th 1680 [i.e. 1681].</subfield>
  </datafield>
  <datafield tag="740" ind1="0" ind2="2">
    <subfield code="a">To the Kings most excellent Majesty, the humble petition and advice of the lords under named, peers of the realme.</subfield>
  </datafield>
  <datafield tag="752" ind1=" " ind2=" ">
    <subfield code="a">Great Britain</subfield>
    <subfield code="b">England.</subfield>
    <subfield code="2">naf</subfield>
  </datafield>
  <datafield tag="830" ind1=" " ind2="0">
    <subfield code="a">Early English books online.</subfield>
    <subfield code="0">no2003075523</subfield>
  </datafield>
  <datafield tag="852" ind1="8" ind2=" ">
    <subfield code="a">US-DFo</subfield>
    <subfield code="b">EleRes</subfield>
    <subfield code="h">Available offsite via a Folger OpenAthens account</subfield>
  </datafield>
  <datafield tag="856" ind1="4" ind2="0">
    <subfield code="u">https://search.proquest.com/docview/2240866790/?accountid=10923</subfield>
  </datafield>
  <datafield tag="909" ind1="C" ind2="O">
    <subfield code="o">oai:catalog.folger.edu:524052</subfield>
    <subfield code="p">GLOBAL_SET</subfield>
  </datafield>
  <datafield tag="980" ind1=" " ind2=" ">
    <subfield code="a">BIB</subfield>
  </datafield>
  <datafield tag="983" ind1=" " ind2=" ">
    <subfield code="a">Online</subfield>
  </datafield>
</record>
</collection>